Politics for a pilgrim church : (Record no. 10543)
[ view plain ]
| 000 -LEADER | |
|---|---|
| fixed length control field | 02447cam a2200313 i 4500 |
| 001 - CONTROL NUMBER | |
| control field | 908146131 |
| 003 - CONTROL NUMBER IDENTIFIER | |
| control field | OCoLC |
| 005 - DATE AND TIME OF LATEST TRANSACTION | |
| control field | 20241210120652.0 |
| 008 - FIXED-LENGTH DATA ELEMENTS--GENERAL INFORMATION | |
| fixed length control field | 150423s2015 miu b 001 0 eng |
| 020 ## - INTERNATIONAL STANDARD BOOK NUMBER | |
| International Standard Book Number | 9780802870902 |
| Qualifying information | paperback |
| -- | alkaline paper |
| 020 ## - INTERNATIONAL STANDARD BOOK NUMBER | |
| International Standard Book Number | 0802870902 |
| Qualifying information | paperback |
| -- | alkaline paper |
| 035 ## - SYSTEM CONTROL NUMBER | |
| System control number | (OCoLC)908146131 |
| Canceled/invalid control number | (OCoLC)904456477 |
| 040 ## - CATALOGING SOURCE | |
| Original cataloging agency | DLC |
| Language of cataloging | eng |
| Description conventions | rda |
| Transcribing agency | DLC |
| Modifying agency | YDX |
| -- | YDXCP |
| -- | BDX |
| -- | BTCTA |
| -- | OCLCF |
| -- | ISS |
| -- | CDX |
| -- | WIO |
| 082 00 - DEWEY DECIMAL CLASSIFICATION NUMBER | |
| Classification number | 241.62 |
| Edition information | 23 |
| Item number | BUS |
| 100 1# - MAIN ENTRY--PERSONAL NAME | |
| Personal name | Bushlack, Thomas J., |
| Authority record control number or standard number | https://id.loc.gov/authorities/names/no2011091770 |
| Relator term | author. |
| 245 10 - TITLE STATEMENT | |
| Title | Politics for a pilgrim church : |
| Remainder of title | a Thomistic theory of civic virtue / |
| Statement of responsibility, etc. | Thomas J. Bushlack. |
| 264 #1 - PRODUCTION, PUBLICATION, DISTRIBUTION, MANUFACTURE, AND COPYRIGHT NOTICE | |
| Place of production, publication, distribution, manufacture | Grand Rapids, Michigan : |
| Name of producer, publisher, distributor, manufacturer | William B. Eerdmans Publishing Company, |
| Date of production, publication, distribution, manufacture, or copyright notice | [2015] |
| 300 ## - PHYSICAL DESCRIPTION | |
| Extent | viii, 271 pages ; |
| Dimensions | 23 cm |
| 336 ## - CONTENT TYPE | |
| Content type term | text |
| Source | rdacontent |
| 337 ## - MEDIA TYPE | |
| Media type term | unmediated |
| Source | rdamedia |
| 338 ## - CARRIER TYPE | |
| Carrier type term | volume |
| Source | rdacarrier |
| 504 ## - BIBLIOGRAPHY, ETC. NOTE | |
| Bibliography, etc. note | Includes bibliographical references (pages 256-267) and indexes. |
| 505 0# - FORMATTED CONTENTS NOTE | |
| Formatted contents note | The theological challenge of political authority -- Civic virtue in Thomas Aquinas's account of justice -- A passion for justice -- Civic virtue and natural law -- Civic virtue and contemporary political philosophy -- Toward a constructive account of civic virtue and public rhetoric -- Politics for a pilgrim church. |
| 520 ## - SUMMARY, ETC. | |
| Summary, etc. | Church leaders and scholars have long wrestled with what should provide a guiding vision for Christian engagement in culture and politics. In this book Thomas Bushlack argues that a retrieval of Thomas Aquinas's understanding of civic virtue provides important resources for guiding this engagement today. Bushlack suggests that Aquinas's vision of the pilgrim church provides a fitting model for seeking the earthly common good of the political community, and he notes the features of a Thomistic account of justice and civic virtue that remain particularly salient for the twenty-first century. The book concludes with suggestions for cultivating a Christian rhetoric of the common good as an alternative to the predominant forms of discourse fostered within the culture wars that have been so divisive. |
| 600 00 - SUBJECT ADDED ENTRY--PERSONAL NAME | |
| Personal name | Thomas, |
| Titles and other words associated with a name | Aquinas, Saint, |
| Dates associated with a name | 1225?-1274. |
| Authority record control number or standard number | https://id.loc.gov/authorities/names/n78095790 |
| 650 #0 - SUBJECT ADDED ENTRY--TOPICAL TERM | |
| Topical term or geographic name entry element | Christianity and politics. |
| Authority record control number or standard number | https://id.loc.gov/authorities/subjects/sh85025283 |
| 650 #0 - SUBJECT ADDED ENTRY--TOPICAL TERM | |
| Topical term or geographic name entry element | Christianity and justice. |
| Authority record control number or standard number | https://id.loc.gov/authorities/subjects/sh85025245 |
| 942 ## - ADDED ENTRY ELEMENTS (KOHA) | |
| Source of classification or shelving scheme | Dewey Decimal Classification |
| Koha item type | Books |
| Suppress in OPAC | No |
| Withdrawn status | Lost status | Source of classification or shelving scheme | Damaged status | Not for loan | Home library | Current Library | Shelving location | Date acquired | Total checkouts | Full call number | Barcode | Date last seen | Copy number | Price effective from | Koha item type |
|---|---|---|---|---|---|---|---|---|---|---|---|---|---|---|---|
| Dewey Decimal Classification | GRACE BIBLE COLLEGE | GRACE BIBLE COLLEGE | Theology | 2024-12-10 | 241.62 BUS | 020886 | 2025-05-01 | c.1 | 2024-12-10 | Books |